Alice Madness Returns Levels - Statistics

General Stats
  • This quiz has been taken 19 times
  • The average score is 6 of 16
Answer Stats
Picture Answer % Correct
London
82%
Rutledge Asylum
82%
The Dollhouse
82%
Hatter's Domain
55%
Vale of Tears
55%
Infernal Train
45%
Londerland
36%
Oriental Grove
36%
Queensland
36%
Deluded Depths
27%
Tundraful
27%
Cardbridge
18%
Mangled Mermaid
18%
Vale of Doom
18%
Moorgate Station
9%
Radula Room
0%
No matching quizzes found
Score Distribution
Percent of People with Each Score
Percentile by Number Answered
Your Score History
You have not taken this quiz